000 00436cam a2200181ua 4500
001 7284
008 141224n ii |||gr||||Z||||||ben
040 _cMAIN
041 _aben
082 _a891.443
100 _aChattupadhyaya, S. CH.,
_eAuthor.
245 _aDenapauna
_cBy Sarat Ch. Chattupadhyaya
250 _a1st.
260 _aCalcutta:
_bKatha Bharati,
_c2006.
300 _a144p.
653 _aBengali literature
942 _cBK
999 _c6409
_d6409